Представление документа в формате MARC21

Поле Инд. ПП Название Значение
Тип записи a
Библиографический уровень m
001 Контрольный номер 7e36d3e26ce541ea850bc0bde0c1156d
005 Дата корректировки 20220414212859.6
008 Кодируемые данные 220329|||||||||ru |||||||||||||||||rus||
020 a ISBN 978-5-6045636-6-3
041 0_ a Код языка текста rus
084 a Индекс другой классификации/Индекс ББК 22.3
090 a Полочн. индекс 22.3
x Авторский знак Д 78
100 1_ a Автор Дрюков В. М.
203 a Вид содержания Текст
c Тип средства непосредственное
245 10 a Заглавие Физика. Дополнительные материалы
260 a Место издания Тула
b Издательство Аквариус
c Дата издания 2021
300 a Объем 131, [1] с.
b Иллюстрации/ тип воспроизводства ил.
504 a Библиография Библиография: с. 130
650 04 a Основная рубрика Физика
653 0_ a Ключевые слова Аэродинамика
a Ключевые слова Аэростатика
a Ключевые слова Гидростатика
a Ключевые слова Ампера закон
a Ключевые слова Био-Савара-Лапласа закон
a Ключевые слова Квантовая физика
a Ключевые слова Твердое тело
a Ключевые слова Физика
a Ключевые слова Электрический ток
900 a Имя макрообъекта Дрюков Физика
901 t Тип документа m